MDQL
is popping MORE tags! Check the
thread
!
Quizzes
Events
Quiz Creation
Community
Videos
Private Events
Remove Ads
Sign In
Join for FREE
Feedback
Dark Mode
Quiz Categories
Sports
Geography
Music
Movies
Television
Just For Fun
Miscellaneous
History
Literature
Language
Science
Gaming
Entertainment
Religion
Holiday
For Kids
Quiz Lab
Recent
Popular Today
Quiz Kudos Today
Editor Picks
Curator Picks
Quizzes by...
Day
Popularity
Type
Ratings
Length
Year
Community
Subscriptions
Recent Discussions
Orange Saloon
Badges
Playlists
Quests
Create
Leaderboards
Showdown
Live 5
Trivia Bingo
Activity
Puzzle Library
Sporcle Events
Private Events
Virtual Trivia
Globe League
Become a Host
Pub Owners
SporcleCon
Opinionation
Our Games
Videos
Blog
Mobile Apps
Partnerships
Remove Ads and Go Orange
Feedback
Sports
Athletes
MLB
NBA
NHL
NFL
Soccer
Sports Teams
WWE
NCAA
Football
Premier League
Basketball
Baseball
Hockey
Golf
Tennis
Cricket
Rugby
Auto Racing
Olympics
World Cup
Sports
Athletes
MLB
NBA
NHL
NFL
Soccer
Sports Teams
WWE
NCAA
Football
Premier League
Basketball
Baseball
Hockey
Golf
Tennis
Cricket
Rugby
Auto Racing
Olympics
World Cup
Random Quiz
Search Sporcle
×
Quiz Lab
Quiz Lab
Sports
Football
Type in answers that appear in a list
Type in answers that appear in a list
Classic
Best Score? Go Orange.
Name best scores football trios of the season 2016-2017 Stats
Can you name the name best scores football trios of the season 2016-2017?
By
lukheg888
10m
126 Questions
72 Plays
72 Plays
72 Plays
Comments
Comments
Give Quiz Kudos
Give Quiz Kudos
-
- Ratings
hide this ad
More Info
Replay
Link that replays current quiz
Next Quiz
Link to next quiz in quiz playlist
You Got
0%
They Got
Avg Score
43%
Avg Friend Score
Upgrade to see
Score Distribution
Jump to the score distribution portion of the page
Score
0/126
Timer
10:00
0
Plays Today
Team
Player
% Correct
Barcelona
Lionel Messi
98.6%
Barcelona
Luis Suaréz
94.4%
Barcelona
Neymar
94.4%
Tottenham
Harry Kane
91.7%
Real
Cristiano Ronaldo
91.7%
PSG
Edinson Cavani
90.3%
Bayern
Robert Lewandowski
87.5%
Real
Karim Benzema
84.7%
Tottenham
Dele Alli
83.3%
Monaco
Kylian Mbappé
80.6%
Chelsea
Diego Costa
80.6%
Juventus
Gonzalo Higuaín
79.2%
Tottenham
Heung-Min Son
77.8%
AS Roma
Edin Džeko
77.8%
Monaco
Falcao
77.8%
Napoli
Dries Mertens
76.4%
Bayern
Arjen Robben
76.4%
Arsenal
Alexis Sanchéz
76.4%
Lyon
Alexandre Lacazette
76.4%
Dortmund
Pierre-Emerick Aubameyang
76.4%
Chelsea
Eden Hazard
75%
Borussia Mönchengladbach
Thorgan Hazard
75%
Man Utd
Zlatan Ibrahimović
73.6%
PSG
Ángel di María
70.8%
Arsenal
Olivier Giroud
70.8%
Liverpool
Philippe Coutinho
70.8%
AS Roma
Mohamed Salah
69.4%
Inter
Mauro Icardi
69.4%
Everton
Romelu Lukaku
69.4%
Juventus
Paulo Dybala
68.1%
Atlético
Antoine Griezmann
68.1%
Liverpool
Roberto Firmino
68.1%
Man City
Sergio Agüero
68.1%
Napoli
Lorenzo Insigne
65.3%
Real
Álvaro Morata
63.9%
Liverpool
Saido Mané
63.9%
Leicester
Jamie Vardy
62.5%
Torino
Andrea Belotti
61.1%
Leicester
Riyad Mahrez
61.1%
Arsenal
Theo Walcott
59.7%
Dortmund
Marco Reus
59.7%
Lazio
Ciro Immobile
59.7%
Team
Player
% Correct
RB Leipzig
Timo Werner
58.3%
Nice
Mario Balotelli
58.3%
Man City
Gabriel Jesus
56.9%
Napoli
José Callejón
55.6%
Lyon
Nabil Fekir
55.6%
Chelsea
Pedro
54.2%
Man City
Raheem Sterling
54.2%
Lazio
Keita Baldé
48.6%
Juventus
Mario Mandžukić
48.6%
Bilbao
Aritz Aduriz
48.6%
Crystal Palace
Christian Benteke
47.2%
Marseille
Dimitri Payet
45.8%
Atlético
Yannick Fereira Carrasco
45.8%
RB Leipzig
Naby Keïta
45.8%
Man Utd
Paul Pogba
45.8%
Man Utd
Juan Manuel Mata
44.4%
Bayern
Thiago
43.1%
Monaco
Valère Germain
43.1%
Dortmund
Ousmane Dembélé
43.1%
AC Milan
Carlos Bacca
43.1%
Inter
Ivan Perišić
41.7%
Swansea
Fernando Llorente
41.7%
Atlético
Kévin Gameiro
40.3%
Bournemouth
Joshua King
40.3%
West Ham
Andy Carroll
40.3%
Marseille
Bafétimbi Gomis
38.9%
Stoke City
Peter Crouch
38.9%
1. FC Köln
Anthony Modeste
37.5%
Celta Vigo
Iago Aspas
37.5%
Stoke City
Marko Arnautović
37.5%
PSG
Lucas
36.1%
Lyon
Corentin Tolisso
36.1%
RB Leipzig
Emil Forsberg
36.1%
Leicester
Islam Slimani
36.1%
Bayer Leverkusen
Chicharito
36.1%
Marseille
Florian Thauvin
33.3%
Everton
Ross Barkley
33.3%
Swansea
Gylfi Sigurdsson
33.3%
Crystal Palace
Wilfried Zaha
31.9%
West Ham
Michail Antonio
31.9%
AS Roma
Radja Nainggolan
29.2%
Inter
Éder
26.4%
Team
Player
% Correct
Bournemouth
Callum Wilson
25%
Werder Bremen
Max Kruse
23.6%
Fiorentina
Nikola Kalinić
22.2%
Nice
Alassane Pléa
22.2%
Valencia CF
Simone Zaza
22.2%
AC Milan
Suso
20.8%
Swansea
Leroy Fer
19.4%
West Ham
Manuel Lanzini
19.4%
Bilbao
Raúl García
18.1%
Bournemouth
Junior Stanislas
18.1%
Villareal
Cédric Bakambu
18.1%
Herth BSC
Salomon Kalou
16.7%
Torino
Iago Falque
15.3%
Celta Vigo
Giuseppe Rossi
15.3%
Fiorentina
Federico Bernardeschi
12.5%
Sampdoria
Fabio Quagliarella
12.5%
Everton
Seamus Coleman
12.5%
Celta Vigo
John Guidetti
12.5%
Borussia Mönchengladbach
Lars Stindl
12.5%
Sampdoria
Luis Muriel
11.1%
Bilbao
Iker Muniaín
11.1%
Bayer Leverkusen
Kevin Volland
11.1%
Herth BSC
Vedad Ibišević
11.1%
Torino
Adem Ljajić
9.7%
Fiorentina
Khouma Babacar
9.7%
Sampdoria
Patrik Schick
9.7%
Werder Bremen
Serge Gnabry
9.7%
Nice
Wylan Cyprien
9.7%
Stoke City
Joe Allen
9.7%
1. FC Köln
Yuya Osako
8.3%
Villareal
Nicola Sansone
8.3%
Lazio
Marco Parolo
6.9%
Werder Bremen
Fin Bartels
6.9%
Borussia Mönchengladbach
Raffael
6.9%
Bayer Leverkusen
Hakan Çalhanoğlu
6.9%
Valencia CF
Munir El Haddadi
6.9%
Villareal
Roberto Soriano
5.6%
1. FC Köln
Miloš Jojić
4.2%
AC Milan
Gianluca Lapadula
4.2%
Valencia CF
Santi Mina
4.2%
Crystal Palace
James McArthur
1.4%
Herth BSC
Valentin Stocker
1.4%
Quiz Playlist
Details
Report
Send in Message
Add To Playlist
More Info:
Name the best three scoring players (TOP 5 League)
Classic:
Type in answers that appear in a list
Last Updated: Sep 5, 2017
Quiz Scoreboard
CHALLENGE
Sign Up to Join the Scoreboard
Show All
Scores
Hide
Comments
May contain spoilers
Recently Published
Colored Red Africa Blitz
by spor1
Geography
30s
Find the 'City' Movie
by crazypaving
Movies
60s
5x2 Blitz: Bands
by SL_Kpop136
Music
30s
More to Explore
Quiz From the Vault
Featured Blog Post
14 Easter Pick-up Lines to Find Eggs With
hide this ad
You Might Also Like...
Tags
Football Quiz
2016-2017
goal
Player
season
team
trio
Today's Top Quizzes in Sports
Browse Sports
hide this ad
Today's Top Quizzes in Football
Browse Football
Top Contributed Quizzes in Sports
1
Les entraîneurs de l'OM et du PSG au 21e siècle
2
Les meilleurs buteurs des matchs entre le PSG et l’OM
3
Players with Multiple 50 Home Run Seasons
4
2022 World Cup Stars
5
Les joueurs passés par le PSG et l'OM
6
NBA Logic Puzzle 2.0
7
Criteria MLB: Left Handed Sluggers
8
MLB Players with Two .350 Batting Average Seasons
9
Top 10 NHL Goal Scorers of All Time
10
Who Hit More Homers?
Explore More
Trending Topics
Kpop
Marvel
Harry Potter
NBA
Disney
Crossword
Anime
Song
Puzzle
Country
Soccer
WWE
The Office
Pokémon
NFL
hide this ad
More By:
lukheg888
Quiz
Plays
Rating
Category
Featured
Created
Most used players - Sir Alex Ferguson
13,800
4.50
Sports
May 11, 2018
Most used players - José Mourinho
8,888
4.94
Sports
Apr 29, 2018
Most used players - Pep Guardiola
8,054
4.92
Sports
Apr 30, 2018
Fifa 20 Icons
5,921
2.00
Sports
Sep 9, 2019
Chelsea Last 50 PL players
5,818
5.00
Sports
Sep 10, 2018
Go to Creator's Profile
Score Distribution
Quiz Creator Spotlight
lukheg888
Follow
Send a Message
Quizzes Created
-
Created Quiz Play Count
-
More By This Creator
Popular Quizzes Today
1
Colored Red Africa Blitz
2
Find the 'City' Movie
3
5x2 Blitz: Bands
4
Find the US States - No Outlines Minefield
5
The Countries of the World
6
Find the US States
7
US States
8
Find the Countries of Europe - No Outlines Minefield
More Sports Quizzes
2010s San Antonio Spurs Top Scorers
Quiz Lab
Trending Quizzes
Colored Red Europe Blitz I
Colored Red Europe Blitz II
Colored Red Africa Blitz II
Colored Red Europe Blitz III
Colored Red Africa Blitz III
Recently Updated
How Do You Spell That?
pecheneg
Godzilla Movies
pecheneg
Grab Bag: 4-10 Letters
pecheneg
2024 March Madness Bracket
pecheneg
Famous TV Couples
Peacemaker
Champions League XIs: Real Madrid
pecheneg
Largest US Cities 1790-2010
pecheneg
Rides in Walt Disney World
pecheneg
Most Oscar Losses (Acting)
pecheneg
Beyoncé Albums
pecheneg
Trending Topics
Disney
NBA
Harry Potter
Crossword
Anime
Marvel
Kpop
Pokémon
Song
Puzzle
Country
Soccer
The Office
NFL
WWE
Your Account Isn't Verified!
In order to create a playlist on Sporcle, you need to verify the email address you used during registration. Go to your
Sporcle Settings
to finish the process.
Report this User
Report this user for behavior that violates our
Community Guidelines
.
Details:
Send Report
Go to the Sporcle.com Mobile Site →
Comments